[Event "Challenge"]
[Site "http://www.queenalice.com/game.php?id=1396810"]
[Date "2015.12.1"]
[Round "-"]
[White "fhsantanna"]
[Black "specktro"]
[Result "1-0"]
[WhiteElo "1819"]
[BlackElo "1633"]

1. e4 c5 2. c3 d5 3. e5 Nc6 4. Nf3 g6 5. Bb5 Qc7 6. O-O Bd7 7. d4 O-O-O 8. Bf4
f6 9. Bxc6 Bxc6 10. Re1 f5 11. Ng5 Nh6 12. Ne6 Qb6 13. Nxd8 Qxb2 14. Nxc6 bxc6
15. Nd2 Qxc3 16. Qa4 Kd7 17. e6+ Kd8 18. Qxc6 1-0

[Event "Challenge"]
[Site "http://www.queenalice.com/game.php?id=1396811"]
[Date "2015.12.1"]
[Round "-"]
[White "specktro"]
[Black "fhsantanna"]
[Result "0-1"]
[WhiteElo "1624"]
[BlackElo "1803"]

1. d4 d5 2. Nc3 Nf6 3. g3 g6 4. Bg2 Nc6 5. Bg5 e6 6. e4 dxe4 7. Nxe4 Bg7 8. Qd2
O-O 9. c3 Bd7 10. Nf3 Nxe4 11. Qf4 Nxg5 12. Nxg5 Bh6 13. h4 Bxg5 14. hxg5 e5 15.
Qh4 h5 16. gxh6 Qxh4 17. Rxh4 exd4 18. O-O-O Rfe8 19. h7+ Kg7 20. a3 Rad8 21. c4
Ne5 22. b3 d3 23. Bxb7 Rb8 24. Rdh1 Rh8 25. f4 Rxb7 26. fxe5 Rxb3 27. Rd1 Rxh7
28. Rd4 Ba4 29. c5 Rxa3 30. R1xd3 Ra2 31. Rh4 Rxh4 32. gxh4 Rh2 33. Rd4 Bb3 34.
Rd7 a5 35. Rxc7 a4 36. Kb1 a3 37. Ra7 a2+ 38. Ka1 Rh1+ 39. Kb2 a1=Q+ 40. Rxa1
Rxa1 41. Kxa1 Bd5 42. Kb2 Kh6 43. Kc3 Kh5 44. Kd4 Bc6 45. e6 fxe6 46. Ke5 Kxh4
47. Kxe6 g5 48. Kf5 g4 0-1

[Event "Challenge"]
[Site "http://www.queenalice.com/game.php?id=1397400"]
[Date "2015.12.5"]
[Round "-"]
[White "fhsantanna"]
[Black "specktro"]
[Result "0-1"]
[WhiteElo "1828"]
[BlackElo "1599"]

1. e4 c5 2. c3 e5 3. Nf3 Qc7 4. d4 d6 5. Bc4 Nf6 6. Qe2 Be7 7. Bxf7+ Kxf7 8. Bg5
Rf8 9. O-O Kg8 10. Nbd2 h6 11. Bxf6 Rxf6 12. dxc5 Qxc5 13. Nb3 Qc7 14. Nfd2 Be6
15. Rad1 Nd7 16. a3 Rc8 17. Nc1 Rcf8 18. Nf3 Rg6 19. g3 Bg4 20. Qe3 Rxf3 21.
Qxa7 Nc5 22. Kg2 Qc8 23. h3 Bh5 24. Rh1 Nxe4 25. Rdf1 Nxg3 0-1

[Event "Challenge"]
[Site "http://www.queenalice.com/game.php?id=1399939"]
[Date "2015.12.22"]
[Round "-"]
[White "specktro"]
[Black "fhsantanna"]
[Result "1-0"]
[WhiteElo "1654"]
[BlackElo "1843"]

1. e4 c5 2. c3 d6 3. d4 cxd4 4. cxd4 a6 5. Nf3 Nc6 6. Bd3 Nf6 7. Bg5 g6 8. Bxf6
exf6 9. O-O Bg7 10. Bc4 O-O 11. Nbd2 f5 12. Re1 Nxd4 13. Bd5 Nxf3+ 14. Nxf3 fxe4
15. Rxe4 Bf5 16. Re2 Rb8 17. Rc1 Be6 18. Qb3 Bxd5 19. Qxd5 Bxb2 20. Rxb2 b5 21.
Rc6 Qf6 22. Rd2 Rbc8 23. Rxa6 Rc1+ 24. Rd1 Qa1 25. Rxd6 Ra8 26. Qxa8+ Kg7 27.
Qd5 Qb2 28. Qd4+ Qxd4 29. Rxd4 Rc7 30. Rb4 Ra7 31. Ra1 Re7 32. h3 h6 33. Rxb5
Re2 34. a4 g5 35. Ra3 f6 36. a5 Rc2 37. Rb6 Rc1+ 38. Kh2 Rc2 39. a6 Rxf2 40. a7
Kg6 41. a8=Q Kh5 42. Rb5 Rxf3 43. Qxf3+ 1-0

[Event "Challenge"]
[Site "http://www.queenalice.com/game.php?id=1399940"]
[Date "2015.12.22"]
[Round "-"]
[White "fhsantanna"]
[Black "specktro"]
[Result "1/2-1/2"]
[WhiteElo "1809"]
[BlackElo "1702"]

1. e4 e5 2. Nf3 Nc6 3. d4 exd4 4. Nxd4 Qf6 5. Nxc6 Qxc6 6. Nc3 a6 7. g3 Bb4 8.
Qf3 d6 9. Bg2 Bg4 10. Qxg4 Bxc3+ 11. Kf1 Be5 12. c3 h5 13. Qf3 O-O-O 14. Qxf7
Qe8 15. Qf5+ Kb8 16. Bg5 Rc8 17. Bh3 Ne7 18. Qe6 Qb5+ 19. Kg2 Nc6 20. Qb3 Qxb3
21. axb3 Rce8 22. Bd7 Ref8 23. Bxc6 bxc6 24. Rxa6 Kb7 25. Rha1 Ra8 26. R6a4 c5
27. Be3 Rab8 28. f4 Bf6 29. b4 Kc6 30. e5 Be7 31. exd6 cxd6 32. Ra7 Rhe8 33. c4
Rxb4 34. R1a6+ Rb6 35. b4 Rxa6 36. b5+ Kb6 37. Rxa6+ Kb7 38. f5 Bf6 39. Bf4 Be7
40. Bxd6 Bxd6 41. Rxd6 Re4 42. Rd7+ Kb6 43. Rxg7 Rxc4 44. f6 Rc2+ 45. Kh3 Rf2
46. f7 c4 47. g4 hxg4+ 48. Rxg4 Kxb5 49. Rg5+ Kb4 50. Kg4 Rxf7 51. h4 c3 52. Kh5
Rf1 53. Rg2 Kb3 54. Kg6 Rh1 55. h5 c2 56. Rxc2 Kxc2 1/2-1/2

[Event "OS INCLIVES"]
[Site "http://www.queenalice.com/game.php?id=1402993"]
[Date "2016.1.7"]
[Round "-"]
[White "adelio"]
[Black "fhsantanna"]
[Result "0-1"]
[WhiteElo "1703"]
[BlackElo "1832"]

1. d4 d5 2. e4 dxe4 3. Nc3 Nf6 4. f3 Nc6 5. Be3 exf3 6. Nxf3 g6 7. Ng5 Bg7 8.
Nxf7 Kxf7 9. Be2 Ng4 10. Bxg4 Bxg4 11. Qxg4 Nb4 12. O-O-O Rf8 13. a3 Nd5 14.
Qf3+ Nf6 15. Qxb7 Kg8 16. Qb3+ Kh8 17. h3 Rb8 18. Qa2 Nh5 19. g4 Rf3 20. gxh5
Rxe3 21. hxg6 Bh6 22. Kb1 Rxc3 23. gxh7 Qd6 24. Rhg1 e6 25. Rde1 Rxa3 26. Qxe6
Rxb2+ 27. Kxb2 Qb4+ 28. Qb3 Rxb3+ 29. cxb3 Qxd4+ 30. Ka3 Bf8+ 31. Ka2 Qd2+ 32.
Kb1 Kxh7 33. Rd1 Qc3 34. Ka2 Qc2+ 35. Ka1 Bg7+ 36. Rxg7+ Kxg7 37. Rb1 a5 38. Rb2
Qc1+ 39. Ka2 c5 40. h4 c4 41. h5 c3 42. Rg2+ Kh6 43. Rg6+ Kxh5 44. Rg2 c2 45. b4
Qb1+ 46. Ka3 c1=Q+ 47. Ka4 Qxb4# 0-1

[Event "OS INCLIVEIS"]
[Site "http://www.queenalice.com/game.php?id=1402994"]
[Date "2016.1.7"]
[Round "-"]
[White "fhsantanna"]
[Black "adelio"]
[Result "0-1"]
[WhiteElo "1819"]
[BlackElo "1661"]

1. e4 a6 2. d4 c5 3. Nf3 e6 4. Nc3 Be7 5. Bc4 b5 6. Be2 d6 7. dxc5 Nc6 8. cxd6
Bxd6 9. O-O Bb7 10. Bg5 f6 11. Bh4 g5 12. Nxg5 Bxh2+ 13. Kxh2 fxg5 14. Bh5+ Kf8
15. Qf3+ Qf6 16. Bxg5 Qxf3 17. Bxf3 h5 18. e5 h4 19. Ne4 Nxe5 20. Bf6 Nxf3+ 21.
gxf3 Bxe4 22. Bxh8 Bxf3 23. Rae1 Bd5 24. Rg1 Ra7 25. Bd4 Rf7 26. Bc5+ Ne7 27.
Rg4 Ke8 28. Rxh4 Ng6 29. Rg4 Rh7+ 30. Kg3 Ne7 31. Bxe7 Kxe7 32. b3 Kd6 33. Rd4
Rg7+ 34. Rg4 Rc7 35. Rg8 Rxc2 36. Rd8+ Kc7 37. Rh8 Rxa2 38. Rc1+ Kb6 39. b4 Ra4
40. Rh4 Bc4 41. Rb1 a5 42. bxa5+ Kxa5 43. Re1 Kb6 44. Rd4 Kc5 45. Rde4 Kd6 46.
Kh4 Ke7 47. f4 Ra8 48. f5 Rh8+ 49. Kg5 Kd8 50. fxe6 Ke7 51. R4e3 Rh2 52. Rd1
Bxe6 53. Rde1 Rg2+ 54. Kf4 Rg6 55. Rb1 Rf6+ 56. Kg5 Rf5+ 57. Kg4 Rd5+ 58. Kf4
Rf5+ 59. Kg3 Rg5+ 60. Kf2 Rd5 61. Rbe1 Rf5+ 62. Rf3 Rd5 63. Re4 Rd2+ 64. Re2 Rd5
65. Rfe3 Rd6 66. Rb2 Rd5 67. Rbe2 Rd6 68. Ra2 Kf6 69. Rf3+ Bf5 70. Ra5 Rd2+ 71.
Kg3 Rd5 72. Ra6+ Kg5 73. Ra8 Bg6 74. Rg8 Kh5 75. Rf6 Rd3+ 76. Kf4 Rd4+ 77. Ke5
Re4+ 78. Kd5 Rg4 79. Kc5 b4 80. Rb6 Rg5+ 81. Kxb4 Rg4+ 82. Ka5 Rg1 83. Kb4 Rb1+
84. Ka5 Ra1+ 85. Kb5 Bd3+ 86. Kc5 Ra5+ 87. Kd6 Rf5 88. Ke7 Re5+ 89. Kf6 Rf5+ 90.
Ke6 Ra5 91. Kf6 Rf5+ 92. Kg7 Rc5 93. Kh8 Rc7 94. Rb2 Rh7# 0-1

[Event "AUTO-ADV-3567"]
[Site "http://www.queenalice.com/game.php?id=1403034"]
[Date "2016.1.8"]
[Round "1"]
[White "Scooby_99"]
[Black "fhsantanna"]
[Result "0-1"]
[WhiteElo "1865"]
[BlackElo "1788"]

1. e4 c5 2. Nf3 d6 3. Bc4 Nf6 4. O-O g6 5. d3 Bg7 6. Nc3 O-O 7. Nd5 e6 8. Ne3 a6
9. a3 Nc6 10. Bd2 b5 11. Ba2 Bb7 12. Ng5 Nd7 13. Bxe6 fxe6 14. Nxe6 Qf6 15. Nxf8
Rxf8 16. Nd5 Qxb2 17. c3 Nce5 18. Bg5 Bxd5 19. exd5 Qxc3 20. Be7 Rf5 21. Bxd6
Nxd3 22. Qe2 Nxf2 23. Qe8+ Nf8 24. Bxf8 Bxf8 25. Qe6+ Kh8 26. Rac1 Qd4 27. Qxa6
Nd3+ 28. Kh1 Nxc1 29. Rxc1 Qd3 30. Qe6 Rf1+ 0-1

[Event "AUTO-ADV-3567"]
[Site "http://www.queenalice.com/game.php?id=1403035"]
[Date "2016.1.8"]
[Round "1"]
[White "fhsantanna"]
[Black "Scooby_99"]
[Result "0-1"]
[WhiteElo "1812"]
[BlackElo "1886"]

1. e4 c5 2. Nf3 e6 3. d4 cxd4 4. Nxd4 Nf6 5. Nc3 Nc6 6. Bb5 e5 7. Nf3 Qc7 8. O-O
a6 9. Ba4 Be7 10. Bg5 b5 11. Bb3 O-O 12. Nd5 Nxd5 13. exd5 Bxg5 14. dxc6 Bf6 15.
cxd7 Bxd7 16. Re1 Bc6 17. Qe2 e4 18. Nd4 Bxd4 19. c3 Ba7 20. Rad1 Kh8 21. Bc2 f5
22. Rd2 Qf7 23. Rd6 Rac8 24. Bb3 Qe7 25. Re6 Qg5 26. Rd1 e3 27. Rxe3 Qxg2# 0-1

[Event "AUTO-ADV-3567"]
[Site "http://www.queenalice.com/game.php?id=1403052"]
[Date "2016.1.8"]
[Round "1"]
[White "fhsantanna"]
[Black "chessman"]
[Result "0-1"]
[WhiteElo "1799"]
[BlackElo "1934"]

1. e4 e6 2. d4 d5 3. Nc3 Bb4 4. exd5 exd5 5. Bd2 Nf6 6. Qe2+ Be6 7. O-O-O O-O 8.
Nf3 c5 9. Bg5 c4 10. h4 Bxc3 11. bxc3 h6 12. Ne5 b5 13. Bxh6 gxh6 14. g4 Ne4 15.
Qe3 Qa5 16. Kb1 Nxc3+ 17. Kc1 Nxa2+ 18. Kb1 Nc3+ 19. Kc1 Ne4 20. Qxh6 Qa1# 0-1

[Event "AUTO-ADV-3567"]
[Site "http://www.queenalice.com/game.php?id=1403053"]
[Date "2016.1.8"]
[Round "1"]
[White "chessman"]
[Black "fhsantanna"]
[Result "1-0"]
[WhiteElo "1965"]
[BlackElo "1819"]

1. e4 c5 2. Nf3 d6 3. Bb5+ Bd7 4. Bxd7+ Nxd7 5. Nc3 Ngf6 6. Qe2 g6 7. d3 Bg7 8.
O-O O-O 9. Bg5 a6 10. Rfe1 e6 11. Rad1 b5 12. a3 b4 13. Nb1 Qb6 14. e5 Ng4 15.
Be7 Bxe5 16. Bxf8 Rxf8 17. h3 Nh6 18. Nxe5 Nxe5 19. Nd2 f5 20. Kh1 f4 21. Nc4 f3
22. Nxb6 fxe2 23. Rxe2 Nf5 24. Nc4 Nxc4 25. dxc4 Nd4 26. Red2 Rb8 27. axb4 Rxb4
28. c3 Rxc4 29. cxd4 cxd4 30. Rxd4 Rc2 31. Rxd6 Rxb2 32. Rxa6 Rxf2 33. Ra7 e5
34. Rd8+ Rf8 35. Rxf8+ Kxf8 36. Ra5 e4 37. Re5 Kg7 38. Rxe4 Kf6 39. Kh2 Kf5 40.
Re1 h5 41. Kg3 g5 42. h4 g4 43. Re3 Kg6 44. Kf4 Kf6 45. g3 Kg6 46. Re6+ Kh7 47.
Rf6 Kg7 48. Kg5 Kh7 49. Rf7+ Kg8 50. Kg6 1-0

[Event "AUTO-ADV-3567"]
[Site "http://www.queenalice.com/game.php?id=1403054"]
[Date "2016.1.8"]
[Round "1"]
[White "fhsantanna"]
[Black "roli68"]
[Result "1-0"]
[WhiteElo "1807"]
[BlackElo "1728"]

1. e4 e5 2. Nf3 f6 3. d4 d6 4. Nc3 Nc6 5. Bb5 a6 6. Ba4 b5 7. Bb3 Bg4 8. O-O
Nxd4 9. h3 Bxf3 10. gxf3 f5 11. f4 fxe4 12. Nxe4 Qh4 13. c3 Nxb3 14. Qxb3 Qxh3
15. Qd5 Qg4+ 16. Ng3 Rc8 17. Re1 Kd8 18. fxe5 Ne7 19. Qd3 h5 20. exd6 cxd6 21.
Qxd6+ Qd7 22. Qb6+ Rc7 23. Bg5 g6 24. Rad1 Qxd1 25. Rxd1+ Kc8 26. Bf4 Rc6 27.
Rd8# 1-0

[Event "AUTO-ADV-3567"]
[Site "http://www.queenalice.com/game.php?id=1403055"]
[Date "2016.1.8"]
[Round "1"]
[White "roli68"]
[Black "fhsantanna"]
[Result "0-1"]
[WhiteElo "1712"]
[BlackElo "1820"]

1. e4 c5 2. d4 cxd4 3. Qxd4 Nc6 4. Qe3 e5 5. Nh3 d5 6. Qf3 Nf6 7. Nc3 d4 8. Nb5
Bb4+ 9. c3 dxc3 10. Nxc3 Nd4 11. Qd1 Nxe4 12. Qa4+ Bd7 13. Qxb4 Nc2+ 14. Kd1
Nxb4 15. Nxe4 Bxh3+ 16. Bd2 Bf5 17. f3 Bxe4 18. fxe4 Qd7 19. Be2 Rd8 20. Ke1
Qxd2+ 21. Kf2 Rc8 22. Rhd1 Nd3+ 23. Kf1 Qf4+ 24. Bf3 Qe3 25. Rxd3 Qxd3+ 26. Kg1
Qe3+ 27. Kf1 Rc2 28. Re1 Qf2# 0-1

[Event "Invitation"]
[Site "http://www.queenalice.com/game.php?id=1412580"]
[Date "2016.3.8"]
[Round "-"]
[White "reiterqueen"]
[Black "fhsantanna"]
[Result "0-1"]
[WhiteElo "1100"]
[BlackElo "1805"]

1. e4 c5 2. Bc4 a6 3. Nf3 d6 4. Ng5 e6 5. f4 b5 6. Be2 Nc6 7. d3 Nf6 8. Nc3 Be7
9. Bh5 O-O 10. e5 dxe5 11. fxe5 Nxe5 12. Nxf7 Nxf7 13. Bf3 Nd5 14. Ne4 Ra7 15.
Nf2 Ne5 16. Ng4 Nxf3+ 17. gxf3 Bg5 18. Ne5 Qf6 19. Nc6 Bh4+ 20. Kf1 Raf7 21. Rg1
e5 22. Bd2 Bh3+ 23. Rg2 Bxg2+ 24. Kxg2 Qg6+ 25. Kf1 Rxf3+ 26. Ke2 Qg2# 0-1

[Event "Challenge"]
[Site "http://www.queenalice.com/game.php?id=1413169"]
[Date "2016.3.12"]
[Round "-"]
[White "fhsantanna"]
[Black "reiterqueen"]
[Result "1-0"]
[WhiteElo "1809"]
[BlackElo "1100"]

1. e4 e5 2. Nf3 d6 3. Bc4 Nf6 4. Ng5 Rg8 5. Bxf7+ Ke7 6. Bxg8 Nxg8 7. Nc3 Nf6 8.
d4 Nc6 9. dxe5 dxe5 10. Nd5+ Nxd5 11. exd5 Bf5 12. Qf3 g6 13. dxc6 b6 14. O-O h6
15. b3 Ke8 16. Nh7 Bb4 17. Bxh6 a5 18. Qe2 Qh4 19. Qxe5+ Be7 20. Qh8+ Kf7 21.
Qg7+ Ke6 22. Rfe1+ Kd6 23. Rxe7 Kxc6 24. Rxc7+ Kb5 25. Qe5+ Ka6 26. Qe2+ b5 27.
Qd2 Qd8 28. Qf4 Bxc2 29. Rxc2 Ra7 30. Rc6+ Kb7 31. Qe4 Kb8 32. Bf4+ Kb7 33.
Rxg6+ Kc8 34. Qc6+ Rc7 35. Bxc7 Qxc7 36. Rg8# 1-0

[Event "Challenge"]
[Site "http://www.queenalice.com/game.php?id=1413466"]
[Date "2016.3.14"]
[Round "-"]
[White "reiterqueen"]
[Black "fhsantanna"]
[Result "0-1"]
[WhiteElo "1100"]
[BlackElo "1811"]

1. Nf3 d5 2. d4 Nf6 3. e3 a6 4. Ne5 Nc6 5. Be2 e6 6. a3 Bd6 7. Bd2 Bxe5 8. dxe5
Nxe5 9. Bc3 Nc6 10. O-O O-O 11. Nd2 b5 12. f4 Re8 13. g3 Bb7 14. Nf3 Ne4 15. Nh4
Nxc3 16. bxc3 Ne7 17. a4 Nf5 18. Qd2 Nxh4 19. gxh4 Qxh4 20. Bd3 e5 21. Qg2 Re6
22. Kh1 Rh6 23. Rg1 d4 24. e4 Rg6 25. Qe2 Rh6 26. cxd4 f5 27. axb5 fxe4 28. Bc4+
Kh8 29. fxe5 e3+ 30. Rg2 Qxh2# 0-1

[Event "Challenge"]
[Site "http://www.queenalice.com/game.php?id=1414798"]
[Date "2016.3.24"]
[Round "-"]
[White "reiterqueen"]
[Black "fhsantanna"]
[Result "1-0"]
[WhiteElo "1283"]
[BlackElo "1826"]

1. Nf3 d5 2. d4 Nf6 3. e3 g6 4. Nc3 Bg7 5. Bb5+ Bd7 6. Ne5 O-O 7. Qd3 a6 8. Bxd7
Nbxd7 9. O-O Nxe5 10. Qe2 c6 11. e4 Nc4 12. exd5 cxd5 13. Qf3 Re8 14. Ne2 e5 15.
b3 e4 16. Qh3 Nd6 17. Nf4 Nf5 18. Ba3 Nxd4 19. Rac1 Nh5 20. Nxh5 Ne2+ 21. Kh1
Nxc1 22. Rxc1 gxh5 23. Rd1 Qa5 24. Bd6 Qxa2 25. g3 Qxc2 26. Rxd5 Qb1+ 27. Kg2 e3
28. Kf3 Qe4+ 29. Ke2 exf2+ 30. Kxf2 1-0

[Event "Challenge"]
[Site "http://www.queenalice.com/game.php?id=1414799"]
[Date "2016.3.24"]
[Round "-"]
[White "reiterqueen"]
[Black "fhsantanna"]
[Result "0-1"]
[WhiteElo "1285"]
[BlackElo "1824"]

1. e4 c5 2. Nc3 a6 3. b3 d6 4. d3 Nf6 5. f3 g6 6. g3 Bg7 7. Bh3 O-O 8. Nd5 Nxd5
9. exd5 Bxa1 10. Bh6 Re8 11. Qxa1 f6 12. g4 e6 13. Kd1 Qe7 14. Ne2 exd5 15. Re1
Qf7 16. Rg1 Nc6 17. g5 Bxh3 18. gxf6 Re6 19. Rg3 Rxf6 20. Rxh3 d4 21. c3 Rxf3
22. Rxf3 Qxf3 23. Kd2 Re8 24. Qe1 dxc3+ 25. Kxc3 Rxe2 26. Qh4 Qg2 27. Qf6 Rc2#
0-1